Child Victims in Canada's Justice System

Detalles Bibliográficos
Autor principal: Armstrong Beniuk, Loree
Otros Autores: Hughes, Jo-Anne, Reynolds, Jack
Formato: eBook
Lenguaje:inglés
Publicado: Toronto: Irwin Law Inc., 2022
Colección:Irwin Books
Materias:
Acceso en línea:Acceso restringido

MARC

LEADER 00000nam a22000007a 4500
005 20220601195643.0
007 cr|||| ||||
008 220601s2022 ca |||||s|||| 00||0 eng d
020 |a 9781552215715 
035 |a 36603 
040 |a vLex 
090 |c 13396  |d 13396 
100 1 |a Armstrong Beniuk, Loree 
245 1 0 |a Child Victims in Canada's Justice System  |h [Recurso electrn̤ico] /  |c Loree Armstrong Beniuk, Jo-Anne Hughes, Jack Reynolds 
256 |a Servicio en ln̕ea 
260 |a Toronto:  |b Irwin Law Inc.,  |c 2022 
300 |a 1 recurso electrn̤ico 
490 0 |a Irwin Books 
500 |a Child Victims in Canada's Justice System is a thoroughly researched resource that will be useful for anyone working with or establishing public policy with respect to children who have experienced sexual abuse. A reference document, a training tool, and a guide for developing policies and procedures, it will be beneficial to child protection workers, police officers, Crown Attorneys, lawyers, judges, physicians, elementary and secondary school teachers, college and university professors, childcare workers, mental health clinicians, victims' advocates, public health personnel, and government policy makers. It is a valuable guide for communities wishing to better prevent and detect crimes against children, build victim assistance programs and child advocacy centres, and ensure effective response and treatment systems for children. Child Victims in Canada's Justice System responds to public concern regarding crimes against children, the role of the judiciary, and the rights of child victims. 
650 0 4 |a Niǫs  |z Canad̀ 
650 0 4 |a Justicia, Administracin̤ de  |z Canad̀ 
700 1 |a Hughes, Jo-Anne 
700 1 |a Reynolds, Jack 
740 0 |a vLex Libros (Servicio en ln̕ea) 
856 4 0 |u https://app.vlex.com/#/sources/36603  |z Acceso restringido 
942 |c BOOK 
999 0 |a Children  
999 0 |a Justice, Administration of